000 01359nam a2200241Ia 4500
999 _c38024
_d38024
001 4009
003 GE_BSU
005 20190827124348.0
008 181216s1979||||ge |||||||||||||| ||geo||
040 _cGE_BSU
041 _ageo
080 _a378(061) თ–40
245 _aთბილისის უნივერსიტეტის შრომები :
_bტ. 194 : ლიტერატურათმცოდნეობა /
_cთბილისის უნივერსიტეტი ; რედ. ე. ხინთიბიძე.
264 _aთბილისი :
_bთბილისის უნ-ტის გამ-ბა,
_c1979.
300 _a152 გვ. ;
_b26 სმ.
653 _aლიტერატურათმცოდნეობა
700 _aხინთიბიძე, ე.
_eრედაქტორი
_93791
710 _aტფილისის უნივერსიტეტი
_93792
710 _aტფილისის სახელმწიფო უნივერსიტეტი
_93793
710 _aთბილისის სახელმწიფო უნივერსიტეტი
_93794
710 _aსტალინის სახელობის თბილისის სახელმწიფო უნივერსიტეტი
_93795
942 _cBK
_2udc